| 000 | 00487nam a2200157Ia 4500 | ||
|---|---|---|---|
| 008 | 230711s9999||||xx |||||||||||||| ||und|| | ||
| 041 | _aENG | ||
| 082 |
_a621.314 _bBU-I |
||
| 100 | _aBureau of Indian Standard | ||
| 245 | 0 |
_aIS : 1180 Pt II 1989 _bOutdoor type three phase distribution transformer up to and including 100 KVA 11KV-specfication |
|
| 250 | _a1st | ||
| 260 |
_c1990 _aNew Delhi _bBureau of Indian Standard |
||
| 300 | _a4 | ||
| 650 | _aElectrical Engineering | ||
| 942 | _cBK | ||
| 999 |
_c7843 _d7843 |
||